The Queen's necklace, (Record no. 18001)
[ view plain ]
| 000 -LEADER | |
|---|---|
| fixed length control field | 00407nam a22001573u 4500 |
| 003 - CONTROL NUMBER IDENTIFIER | |
| control field | OSt |
| 008 - FIXED-LENGTH DATA ELEMENTS--GENERAL INFORMATION | |
| fixed length control field | 200316s1877 nyu 000 0 eng |
| 041 ## - LANGUAGE CODE | |
| Language code of text/sound track or separate title | eng |
| 100 1# - MAIN ENTRY--AUTHOR NAME | |
| Personal name | Dumas, Alexandre, |
| 245 14 - TITLE STATEMENT | |
| Title | The Queen's necklace, |
| 260 ## - PUBLICATION, DISTRIBUTION, ETC. (IMPRINT) | |
| Place of publication | New York, |
| Name of publisher | George Munro Publisher, |
| Year of publication | 1877. |
| 300 ## - PHYSICAL DESCRIPTION | |
| Number of Pages | 43 [1] p. |
| 490 0# - SERIES STATEMENT | |
| Series statement | Seaside library, vol. IX., No. 167 |
| 500 ## - GENERAL NOTE | |
| General note | Caption title. |
| 942 ## - ADDED ENTRY ELEMENTS (KOHA) | |
| Koha item type | Books |
| Withdrawn status | Lost status | Damaged status | Home library | Current library | Date acquired | Accession Number | Koha item type |
|---|---|---|---|---|---|---|---|
| Withdrawn | KAUAET | KAUAET | 16/11/2023 | 11118 | Books |
